[Event "World Blitz 2016"]
[Site "Doha QAT"]
[Date "2016.12.29"]
[Round "7.34"]
[White "Vallejo Pons, Francisco"]
[Black "Quparadze, Giga"]
[Result "1-0"]
[WhiteTitle "GM"]
[BlackTitle "IM"]
[WhiteElo "2711"]
[BlackElo "2481"]
[WhiteFideId "2205530"]
[BlackFideId "13602250"]
[EventDate "2016.12.29"]

1. d4 Nf6 2. c4 e6 3. g3 d5 4. Bg2 Bb4+ 5. Bd2 Be7 6. Nf3 O-O 7. O-O c6 8. Bc3
b5 9. c5 a5 10. a3 Ne4 11. Nbd2 f5 12. Ne5 Bf6 13. Nxe4 dxe4 14. f3 exf3 15.
Bxf3 Qc7 16. e4 Nd7 17. Nxc6 Bb7 18. Nxa5 Rxa5 19. Bxa5 Qxa5 20. e5 Bxf3 21.
Qxf3 Bg5 22. Qc6 Qd8 23. Qxe6+ Kh8 24. Rad1 g6 25. Qd6 Be7 26. Qd5 Qc7 27. b4
Nb8 28. Qb3 Bg5 29. Qc3 Qg7 30. c6 Na6 31. d5 f4 32. d6 Re8 33. gxf4 Bd8 34. c7
Nxc7 35. dxc7 Bxc7 36. Qc6 Re7 37. Qf6 Qxf6 38. exf6 Rf7 39. Rd5 Rxf6 40. f5
gxf5 41. Rfxf5 Ra6 42. Rd7 Bb6+ 43. Kg2 Ra8 44. Rxb5 Be3 45. Re5 Bc1 46. a4 Bb2
47. Re4 Rg8+ 48. Kf1 Rf8+ 49. Ke2 Rg8 50. b5 Rb8 51. h3 Kg8 52. Rg4+ Kf8 53.
Rxh7 Rc8 54. Re4 Rc2+ 55. Kd3 Rc3+ 56. Kd2 Ra3 57. Rc4 Kg8 58. Rd7 1-0

[Event "World Blitz 2016"]
[Site "Doha QAT"]
[Date "2016.12.29"]
[Round "7.35"]
[White "Borisek, Jure"]
[Black "Halkias, Stelios"]
[Result "0-1"]
[WhiteTitle "GM"]
[BlackTitle "GM"]
[WhiteElo "2561"]
[BlackElo "2585"]
[WhiteFideId "14603152"]
[BlackFideId "4201809"]
[EventDate "2016.12.29"]

1. e4 e5 2. Nf3 Nc6 3. Bb5 a6 4. Ba4 Nf6 5. O-O Be7 6. Re1 b5 7. Bb3 d6 8. c3
O-O 9. h3 Nb8 10. d4 Nbd7 11. Nbd2 Bb7 12. Bc2 Re8 13. Nf1 Bf8 14. Ng3 g6 15.
Bg5 Bg7 16. Qd2 Qe7 17. b3 Qf8 18. d5 Nc5 19. a4 bxa4 20. bxa4 a5 21. Be3 Nfd7
22. c4 Ba6 23. Qc3 Reb8 24. Rab1 Rb6 25. Nd2 Qb8 26. Rb5 Bxb5 27. cxb5 Rb7 28.
Nc4 Rba7 29. Nf1 Qf8 30. Nfd2 Bh6 31. Ra1 Bxe3 32. Qxe3 Qb8 33. Nb3 Nxb3 34.
Bxb3 Nc5 35. Bc2 Qd8 36. Rf1 Qe7 37. g3 Re8 38. Qc3 Rea8 39. h4 Qf8 40. Qe3 Re8
41. Qc3 Rea8 42. Qe3 Qe7 43. Qc3 Kg7 44. Qe3 f6 45. Kg2 Rf8 46. Qc3 Rfa8 47. Qe3
Kg8 48. Qc3 Qf8 49. Qe3 Qf7 50. Rd1 Rf8 51. Qc3 Rfa8 52. Qe3 Qe7 53. Rh1 Rf8 54.
Qc3 f5 55. exf5 gxf5 56. Nxa5 Raa8 57. Rd1 Qg7 58. Nc6 Nxa4 59. Bxa4 Rxa4 60.
Qb3 Rxh4 61. b6 cxb6 62. Qxb6 f4 63. Rd3 e4 64. Ra3 e3 65. Ra7 f3+ 66. Kg1 Qxg3+
67. fxg3 f2+ 0-1

[Event "World Blitz 2016"]
[Site "Doha QAT"]
[Date "2016.12.29"]
[Round "7.36"]
[White "Fressinet, Laurent"]
[Black "Quintiliano Pinto, Renato R."]
[Result "1/2-1/2"]
[WhiteTitle "GM"]
[BlackTitle "IM"]
[WhiteElo "2672"]
[BlackElo "2484"]
[WhiteFideId "608742"]
[BlackFideId "2117568"]
[EventDate "2016.12.29"]

1. Nf3 d5 2. g3 Nf6 3. Bg2 e6 4. O-O Be7 5. c4 O-O 6. d4 dxc4 7. Qc2 b6 8. Bg5
Nd5 9. Bxe7 Qxe7 10. Qxc4 Ba6 11. Qc2 c5 12. Nc3 Bb7 13. Nxd5 Bxd5 14. dxc5 Rc8
15. b4 bxc5 16. b5 Nd7 17. a4 a6 18. e4 Bb7 19. Nd2 c4 20. Qc3 axb5 21. axb5
Rxa1 22. Rxa1 Qc5 23. Rb1 Ne5 24. h3 Nd3 25. Rf1 Qxb5 26. Rb1 Qa6 27. Bf1 h6 28.
Nxc4 Bxe4 29. Bxd3 Bxd3 30. Qxd3 Qxc4 31. Qxc4 Rxc4 32. h4 g5 33. hxg5 hxg5 34.
Rb5 g4 35. Kg2 Kg7 36. Rb7 Kg6 37. Re7 Re4 38. Re8 f5 39. Ra8 Kf6 40. Ra5 Rd4
41. Ra6 Re4 42. Ra5 Kg5 43. Rb5 Rd4 44. Re5 Kf6 45. Ra5 Rd5 46. Ra6 Ke5 47. Rb6
Rd6 48. Rb5+ Ke4 49. Ra5 e5 50. Ra8 f4 51. gxf4 exf4 52. Re8+ Kf5 53. Rf8+ Rf6
54. Rg8 Rg6 55. Rf8+ Kg5 56. Ra8 Rg7 57. Rb8 Re7 58. Rg8+ Kf5 59. Rf8+ Ke4 60.
Rg8 Kf5 61. Rf8+ Ke4 62. Rg8 g3 63. fxg3 fxg3 1/2-1/2

[Event "World Blitz 2016"]
[Site "Doha QAT"]
[Date "2016.12.29"]
[Round "7.37"]
[White "Aleksandrov, Aleksej"]
[Black "Mareco, Sandro"]
[Result "0-1"]
[WhiteTitle "GM"]
[BlackTitle "GM"]
[WhiteElo "2574"]
[BlackElo "2635"]
[WhiteFideId "13500139"]
[BlackFideId "112275"]
[EventDate "2016.12.29"]

1. d4 Nf6 2. c4 e6 3. Nc3 Bb4 4. e3 O-O 5. Ne2 d5 6. a3 Be7 7. cxd5 exd5 8. g3
c6 9. Bg2 Na6 10. O-O Nc7 11. Qc2 Re8 12. Bd2 a6 13. Rad1 Nb5 14. f3 Be6 15. Nf4
Bd7 16. Be1 Bf8 17. Bf2 g6 18. h3 Bh6 19. Nce2 Nd6 20. Rfe1 Nc4 21. e4 Qb6 22.
Rb1 a5 23. a4 Bg7 24. Qd3 h5 25. Nc3 Qb4 26. g4 hxg4 27. hxg4 dxe4 28. Nxe4 Nxe4
29. Rxe4 Rxe4 30. fxe4 Bxg4 31. Be1 Nxb2 32. Bxb4 Nxd3 33. Nxd3 axb4 34. Rxb4
Rd8 35. e5 Bf8 36. Nc5 Rxd4 0-1

[Event "World Blitz 2016"]
[Site "Doha QAT"]
[Date "2016.12.29"]
[Round "7.38"]
[White "Hirneise, Tobias"]
[Black "Volokitin, Andrei"]
[Result "0-1"]
[WhiteTitle "IM"]
[BlackTitle "GM"]
[WhiteElo "2466"]
[BlackElo "2649"]
[WhiteFideId "24600881"]
[BlackFideId "14107090"]
[EventDate "2016.12.29"]

1. d4 Nf6 2. c4 g6 3. Nc3 d5 4. cxd5 Nxd5 5. e4 Nxc3 6. bxc3 Bg7 7. Ba3 Nd7 8.
Nf3 c5 9. Qb3 O-O 10. Bc4 a6 11. O-O b5 12. Be2 Qc7 13. e5 e6 14. Rad1 Bb7 15.
h4 Bd5 16. c4 bxc4 17. Bxc4 Rfb8 18. Qd3 Bxf3 19. gxf3 cxd4 20. Bd6 Qc6 21. Bxb8
Rxb8 22. f4 Bxe5 23. fxe5 Nxe5 24. Qg3 Nf3+ 25. Kg2 Ne5+ 26. Kh3 Qd6 27. Bb3 Rc8
28. Rc1 Rd8 29. Rfd1 d3 30. Rc3 Qd4 31. Rc7 h5 32. Re1 Ng4 33. Re3 d2 34. Bd1
Nxe3 35. fxe3 Qf6 36. Qf4 Qxf4 37. exf4 Rd3+ 38. Kg2 Kg7 39. Kf2 Kf6 40. Rc6 Kf5
41. Rxa6 Kxf4 42. Ra4+ Kf5 43. Bc2 d1=Q 44. Bxd1 Rxd1 45. Ra7 f6 46. a4 Ra1 47.
a5 e5 48. a6 Kf4 49. Ra8 Ra2+ 50. Kg1 Kg3 51. Kf1 Kxh4 0-1

[Event "World Blitz 2016"]
[Site "Doha QAT"]
[Date "2016.12.29"]
[Round "7.39"]
[White "Gholami, Aryan"]
[Black "Anton Guijarro, David"]
[Result "1/2-1/2"]
[WhiteTitle "IM"]
[BlackTitle "GM"]
[WhiteElo "2422"]
[BlackElo "2650"]
[WhiteFideId "12513342"]
[BlackFideId "2285525"]
[EventDate "2016.12.29"]

1. c4 Nf6 2. Nc3 e6 3. d4 Bb4 4. Nf3 b6 5. e3 Ne4 6. Qc2 Bb7 7. Bd3 Bxc3+ 8.
bxc3 f5 9. O-O O-O 10. Nd2 Nxd2 11. Bxd2 d6 12. e4 Qf6 13. exf5 exf5 14. f3 c5
15. d5 Nd7 16. f4 g6 17. Rae1 Rfe8 18. Rxe8+ Rxe8 19. Re1 Rxe1+ 20. Bxe1 Qe7 21.
Qe2 Qxe2 22. Bxe2 Nf6 23. Kf2 Kf7 24. h3 h5 25. Bd3 Ba6 26. Ke3 Bb7 27. Bh4 Bc8
28. Be1 Bd7 29. Bc2 b5 30. Bd3 bxc4 31. Bxc4 Bc8 32. Bb3 Bb7 33. c4 Ba6 34. Bh4
Nd7 35. Kd3 Nf6 36. Bxf6 Kxf6 37. h4 1/2-1/2

[Event "World Blitz 2016"]
[Site "Doha QAT"]
[Date "2016.12.29"]
[Round "7.40"]
[White "Flores, Diego"]
[Black "Potapov, Pavel"]
[Result "1-0"]
[WhiteTitle "GM"]
[BlackTitle "GM"]
[WhiteElo "2579"]
[BlackElo "2493"]
[WhiteFideId "108049"]
[BlackFideId "4169786"]
[EventDate "2016.12.29"]

1. c4 f5 2. g3 Nf6 3. Bg2 g6 4. Nc3 Bg7 5. d3 d6 6. e4 e5 7. Nge2 O-O 8. O-O Nc6
9. Nd5 h6 10. Rb1 g5 11. exf5 Bxf5 12. Nec3 Qd7 13. Nxf6+ Bxf6 14. Be3 Bg7 15.
Re1 Bh3 16. Be4 Rab8 17. b4 Nd4 18. Bxd4 exd4 19. Nd5 Be6 20. Qe2 c6 21. Bg6 Bg4
22. Ne7+ Kh8 23. Qe4 Rf6 24. Bh7 Bf3 25. Ng6+ Kxh7 26. Nf8+ Kh8 27. Nxd7 Bxe4
28. Rxe4 Rbf8 29. Nxf8 Rxf8 30. Rbe1 Kh7 31. Re7 b5 32. cxb5 cxb5 33. Rxa7 Kg6
34. Re6+ Bf6 35. Rxd6 Kf5 36. Kg2 Ke5 37. Rb6 g4 38. Ra5 1-0

[Event "World Blitz 2016"]
[Site "Doha QAT"]
[Date "2016.12.29"]
[Round "7.41"]
[White "Agdestein, Simen"]
[Black "Pantsulaia, Levan"]
[Result "1-0"]
[WhiteTitle "GM"]
[BlackTitle "GM"]
[WhiteElo "2602"]
[BlackElo "2607"]
[WhiteFideId "1500015"]
[BlackFideId "13602071"]
[EventDate "2016.12.29"]

1. c4 c5 2. Nc3 g6 3. g3 Bg7 4. Bg2 Nc6 5. Nf3 b6 6. O-O Bb7 7. e3 Nh6 8. d4 Nf5
9. d5 Na5 10. Qd3 Nd6 11. Nd2 Ba6 12. b3 b5 13. cxb5 Nxb5 14. Nxb5 Bxa1 15. d6
O-O 16. Bxa8 Qxa8 17. dxe7 Re8 18. Qxd7 Be5 19. f4 Qc6 20. Qxc6 Nxc6 21. a4 Bb8
22. Nc4 Rxe7 23. Rd1 Bc8 24. Rd5 a6 25. Nbd6 Be6 26. Rxc5 Nb4 27. Ba3 Nc2 28.
Rc6 Nxa3 29. Nxa3 Ba7 30. Nac4 Kg7 31. Rxa6 Bc5 32. Kf2 h5 33. Rc6 Bb4 34. Rb6
Bc5 35. Rb5 Ba7 36. Rb7 Rxb7 37. Nxb7 Kf6 38. a5 Ke7 39. Nbd6 Bc5 40. Nb5 Kd7
41. Nd4 Bg4 42. Ne5+ Ke7 43. Nxg4 hxg4 44. b4 1-0

[Event "World Blitz 2016"]
[Site "Doha QAT"]
[Date "2016.12.29"]
[Round "7.42"]
[White "Maghsoodloo, Parham"]
[Black "Amin, Bassem"]
[Result "0-1"]
[WhiteTitle "GM"]
[BlackTitle "GM"]
[WhiteElo "2584"]
[BlackElo "2662"]
[WhiteFideId "12539929"]
[BlackFideId "10601457"]
[EventDate "2016.12.29"]

1. d4 Nf6 2. Nf3 e6 3. Bf4 c5 4. e3 b6 5. h3 Bb7 6. Be2 Be7 7. O-O O-O 8. Nbd2
d6 9. a4 a6 10. Bh2 Nbd7 11. c3 Re8 12. Bd3 Bf8 13. e4 cxd4 14. cxd4 e5 15. d5
Nc5 16. Bc2 a5 17. Re1 Ba6 18. Nb1 g6 19. Nc3 Bh6 20. Nb5 Qd7 21. Nc3 Rac8 22.
Nd2 Nd3 23. Bxd3 Bxd3 24. Ndb1 Bxb1 25. Rxb1 Rc4 26. Qb3 Rb4 27. Qc2 Rc8 28. Qd3
Rd4 29. Qa6 Bd2 30. Rf1 Bxc3 31. bxc3 Rxa4 32. Rxb6 Nxe4 33. f3 Nc5 34. Rxd6 Qc7
35. Qc6 Qb8 36. Qb6 Qxb6 37. Rxb6 Rc4 38. Bxe5 Nd7 39. Bd4 Nxb6 40. Bxb6 Rxc3
41. d6 Rd3 42. Bc7 a4 43. Ra1 Ra8 44. Kf2 a3 45. Ke2 Rd5 46. Ra2 Kf8 47. Ke3 f5
48. Kf4 Ke8 49. Kg5 Kd7 50. Kh6 Rb5 51. Kxh7 Rb2 52. Ra1 Rxg2 53. Bb6 a2 54. Bd4
Kxd6 55. f4 Kd5 56. Be5 Ra7+ 57. Kh6 Rb7 0-1

[Event "World Blitz 2016"]
[Site "Doha QAT"]
[Date "2016.12.29"]
[Round "7.43"]
[White "Kozul, Zdenko"]
[Black "Tissir, Mohamed"]
[Result "1-0"]
[WhiteTitle "GM"]
[BlackTitle "IM"]
[WhiteElo "2613"]
[BlackElo "2376"]
[WhiteFideId "14502879"]
[BlackFideId "9000240"]
[EventDate "2016.12.29"]

1. d4 e6 2. c4 c5 3. d5 exd5 4. cxd5 d6 5. Nc3 Ne7 6. Nf3 Ng6 7. g3 Be7 8. Bg2
O-O 9. O-O b6 10. a4 Re8 11. Re1 Na6 12. Nd2 Nb4 13. Nc4 a6 14. h4 Bf6 15. Ne4
Be7 16. h5 Nf8 17. Bf4 Nxd5 18. Bxd6 Be6 19. Bxe7 Rxe7 20. Ng5 Nb4 21. Nxe6 Nxe6
22. Qxd8+ Rxd8 23. Red1 Red7 24. Rxd7 Rxd7 25. e3 h6 26. Nxb6 Rd2 27. Nc4 Rc2
28. b3 Rc3 29. Rb1 Kf8 30. Na5 Rc2 31. Rd1 Ke7 32. Nc6+ Nxc6 33. Bxc6 Rb2 34.
Rd7+ Kf6 35. Bd5 Ng5 36. Kg2 g6 37. hxg6 Kxg6 38. Rd6+ Kg7 39. Rxa6 Rd2 40. e4
Nh7 41. Ra7 Nf6 42. Rxf7+ Kg6 43. Rf8 Kg7 44. Rc8 Ng4 45. Kf3 Nxf2 46. Ke3 Rb2
47. a5 Nd1+ 48. Kf4 Ra2 49. Rxc5 Nf2 50. Kf5 Nd3 51. Rc7+ Kf8 52. Kf6 Rf2+ 53.
Kg6 Ne5+ 54. Kxh6 Rg2 55. Kg5 Nd3 56. Kf6 Rf2+ 57. Ke6 Ra2 58. b4 Ra4 59. Kf6
Ke8 60. Be6 1-0

[Event "World Blitz 2016"]
[Site "Doha QAT"]
[Date "2016.12.29"]
[Round "7.44"]
[White "Perez Ponsa, Federico"]
[Black "Inarkiev, Ernesto"]
[Result "0-1"]
[WhiteTitle "GM"]
[BlackTitle "GM"]
[WhiteElo "2585"]
[BlackElo "2709"]
[WhiteFideId "117927"]
[BlackFideId "4162722"]
[EventDate "2016.12.29"]

1. e4 e5 2. Nf3 Nc6 3. Bc4 Bc5 4. O-O Nf6 5. d3 d6 6. c3 a6 7. Bb3 Ba7 8. Nbd2
O-O 9. h3 Ne7 10. Re1 Ng6 11. Nf1 Re8 12. Ng3 Be6 13. Bc2 c5 14. d4 cxd4 15.
cxd4 Rc8 16. Be3 Bb8 17. d5 Bd7 18. Bd3 Nf4 19. Bxf4 exf4 20. Nf1 Ba7 21. Qd2
Bb5 22. Bb1 Rc4 23. Qxf4 Nxd5 24. Qd2 Nf6 25. Ng3 Rc7 26. Nf5 Bc6 27. a3 d5 28.
Qg5 g6 29. e5 Ne4 30. Bxe4 dxe4 31. Nh6+ Kg7 32. Nf5+ Kh8 33. Nd6 exf3 34. Qf4
Ree7 35. Qf6+ Kg8 36. Rad1 Qf8 37. g3 Re6 38. Qf4 f6 39. exf6 Rxf6 40. Qc4+ Kh8
41. Qc3 Rg7 42. Rd3 Rxd6 43. Rxd6 0-1

[Event "World Blitz 2016"]
[Site "Doha QAT"]
[Date "2016.12.29"]
[Round "7.45"]
[White "Tari, Aryan"]
[Black "Al-Sayed, Mohammed"]
[Result "1-0"]
[WhiteTitle "GM"]
[BlackTitle "GM"]
[WhiteElo "2584"]
[BlackElo "2508"]
[WhiteFideId "1510045"]
[BlackFideId "12100196"]
[EventDate "2016.12.29"]

1. e4 c5 2. Nf3 d6 3. d4 cxd4 4. Nxd4 Nf6 5. Nc3 a6 6. h3 e6 7. g4 Nfd7 8. g5 b5
9. a3 Bb7 10. Be3 Be7 11. h4 Nc6 12. Qd2 Na5 13. f4 Rc8 14. O-O-O Nb6 15. f5
Nac4 16. Bxc4 Nxc4 17. Qe1 e5 18. Nb3 Qc7 19. Bd2 Bc6 20. Kb1 Qb7 21. Bc1 a5 22.
Nd5 a4 23. Na5 Nxa5 24. Qxa5 Bd8 25. Qb4 Bxd5 26. Rxd5 O-O 27. Qxd6 Bc7 28. Qb4
Bb8 29. Rxb5 Qc6 30. Qxa4 Rfd8 31. Re1 Bd6 32. Qb3 Rc7 33. g6 hxg6 34. fxg6 Bf8
35. gxf7+ Rxf7 36. Rf1 Rd7 37. Rxf7 Rxf7 38. Rxe5 g6 39. Re6 Qd7 40. Rxg6+ Kh7
41. Qe6 Qc7 42. Rg1 1-0

[Event "World Blitz 2016"]
[Site "Doha QAT"]
[Date "2016.12.29"]
[Round "7.46"]
[White "Venkatesh, M.R."]
[Black "Ghaem Maghami, Ehsan"]
[Result "0-1"]
[WhiteTitle "GM"]
[BlackTitle "GM"]
[WhiteElo "2439"]
[BlackElo "2574"]
[WhiteFideId "5005779"]
[BlackFideId "12500739"]
[EventDate "2016.12.29"]

1. d4 Nf6 2. Nc3 d5 3. Bf4 g6 4. e3 Bg7 5. h3 O-O 6. Nf3 c5 7. Be2 Nc6 8. O-O
cxd4 9. exd4 Bf5 10. Re1 Rc8 11. Bd3 Bxd3 12. Qxd3 Qb6 13. Rab1 Rfe8 14. Be3 e6
15. a3 Nd7 16. Red1 a6 17. Qd2 Na5 18. Na4 Qc7 19. b3 b6 20. Rdc1 Qc6 21. Nb2
Qc7 22. Nd3 Qc3 23. Qe2 Qc7 24. Bf4 Qd8 25. Qe3 Nc6 26. c4 dxc4 27. bxc4 Nf6 28.
Nde5 Nh5 29. Nxc6 Rxc6 30. Be5 Nf6 31. Qb3 Nd7 32. Bxg7 Kxg7 33. Qb2 Kg8 34. d5
exd5 35. cxd5 Rd6 36. Rd1 Nf6 37. Nd4 Rxd5 38. Rd2 Ne4 39. Rd3 Qd7 40. Rbd1 Nf6
41. R3d2 Rd8 42. Nf3 Qe6 43. Rxd5 Rxd5 44. Re1 Qd6 45. Qb3 b5 46. Qb2 Rd1 0-1

[Event "World Blitz 2016"]
[Site "Doha QAT"]
[Date "2016.12.29"]
[Round "7.47"]
[White "Sanal, Vahap"]
[Black "Lalith, Babu M R"]
[Result "0-1"]
[WhiteTitle "GM"]
[BlackTitle "GM"]
[WhiteElo "2474"]
[BlackElo "2587"]
[WhiteFideId "6300545"]
[BlackFideId "5024595"]
[EventDate "2016.12.29"]

1. Nf3 Nf6 2. g3 d5 3. Bg2 e6 4. O-O Be7 5. b3 O-O 6. c4 a5 7. Bb2 c6 8. d3 a4
9. bxa4 dxc4 10. Ne5 cxd3 11. Nxd3 Nbd7 12. Nc3 Qa5 13. e4 Nb6 14. Rc1 Nxa4 15.
Nxa4 Qxa4 16. Qe2 b6 17. Qe3 Ba6 18. Rfd1 Rfd8 19. Bxf6 gxf6 20. e5 Bb5 21. exf6
Bxf6 22. Be4 Bg7 23. Re1 Rd4 24. Nf4 Qa3 25. Bxc6 Bxc6 26. Qxa3 Rxa3 27. Rxc6
Rd2 28. Rc8+ Bf8 29. Nh5 Raxa2 30. Re4 f5 31. Rf4 Kf7 32. Rc7+ Be7 33. g4 Rd5
34. Kg2 Rad2 35. Rb7 Rb2 36. h3 Kf8 37. gxf5 Rxf5 38. Rxf5+ exf5 39. Ng3 Rb5 40.
Ne2 Bc5 41. Nf4 Kg8 42. Ne6 Bb4 43. Rg7+ Kh8 44. Rb7 h6 45. Kf3 Ba5 46. Kf4 Bd2+
47. Kf3 Rb3+ 48. Ke2 Ba5 49. Rf7 Rb5 50. Kf3 Re5 51. Nd4 Kg8 52. Rd7 Bc3 53. Nc6
Re4 54. Ne7+ Kf8 55. Nxf5 Re6 56. Kf4 b5 57. Rb7 b4 58. Kg4 Rg6+ 59. Kf4 Ke8 60.
Ke4 Re6+ 61. Kf4 Kd8 62. Ne3 Kc8 63. Rb5 Kc7 64. Nd5+ Kc6 65. Nxc3 bxc3 66. Rb3
Rf6+ 67. Ke3 Re6+ 68. Kd3 Kd5 69. Rxc3 Re1 70. Ra3 Ke5 71. Ra4 Kf5 72. Rh4 Kg5
73. Rg4+ Kf5 74. Kd2 Rh1 75. Rg3 Kf4 76. Ke2 h5 77. Rf3+ Kg5 78. Ra3 Kf4 79. Rb3
Kg5 80. Rb5+ Kg6 81. Rb3 Kg5 82. Rg3+ Kf4 83. Kd2 Ra1 84. Rc3 Rh1 85. Ke2 Kg5
86. Rf3 Ra1 87. Rf8 Ra3 88. Rg8+ Kf5 89. h4 Rh3 90. Rg5+ Kf4 91. Rxh5 Rh1 92.
Rh8 Ra1 93. Rg8 Rh1 94. Rf8+ Kg4 95. f3+ Kh5 96. Rf4 Ra1 97. Kf2 Ra2+ 98. Kg3
Ra1 99. Rf5+ Kh6 100. Rb5 Ra4 101. Rc5 Ra1 102. Rd5 Ra4 103. Rb5 Ra1 104. Re5
Ra4 105. Re4 Ra1 106. Kf4 Kh5 107. Re8 Ra4+ 108. Kg3 Ra1 109. Re2 Rg1+ 110. Kf4
Ra1 111. Re8 Ra4+ 112. Kg3 Ra1 113. Re5+ Kh6 114. Kg4 Rg1+ 115. Kf4 Ra1 116. h5
Ra4+ 117. Kg3 Ra1 118. f4 Rg1+ 119. Kf3 Rf1+ 120. Ke4 Ra1 121. Kf3 Rf1+ 122. Kg3
Rg1+ 123. Kf2 Ra1 124. Rb5 Ra2+ 125. Kf3 Ra1 126. Rc5 Rf1+ 127. Ke3 Re1+ 128.
Kf2 Ra1 129. Kf3 Rf1+ 130. Kg4 Rg1+ 131. Kf5 Kxh5 132. Kf6+ Kh6 133. f5 Ra1 134.
Re5 Ra6+ 135. Re6 Ra7 136. Rd6 Kh7 137. Rb6 0-1

[Event "World Blitz 2016"]
[Site "Doha QAT"]
[Date "2016.12.29"]
[Round "7.48"]
[White "Darini, Pouria"]
[Black "Neelotpal, Das"]
[Result "0-1"]
[WhiteTitle "GM"]
[BlackTitle "GM"]
[WhiteElo "2511"]
[BlackElo "2463"]
[WhiteFideId "12502200"]
[BlackFideId "5003512"]
[EventDate "2016.12.29"]

1. d4 Nf6 2. Nc3 g6 3. e4 d6 4. Be3 a6 5. Qd2 b5 6. f3 Nbd7 7. a4 b4 8. Nd1 a5
9. g4 Bb7 10. Ne2 c5 11. c3 Ba6 12. h4 h5 13. g5 Nh7 14. Ng3 Bxf1 15. Rxf1 Qc8
16. f4 Bg7 17. f5 O-O 18. Nf2 Rb8 19. Nd3 Nb6 20. Qe2 Nc4 21. Rc1 bxc3 22. bxc3
Nxe3 23. Qxe3 cxd4 24. cxd4 Qb7 25. e5 Rfc8 26. f6 exf6 27. gxf6 Rxc1+ 28. Qxc1
Bf8 29. Qe3 dxe5 30. dxe5 Re8 31. Ne4 Qb3 32. Kf2 Rc8 33. Re1 Bb4 34. Re2 Nf8
35. Nxb4 Qxb4 36. Qh6 Ne6 37. Qe3 Rc4 38. Ng5 Rf4+ 39. Kg1 Rg4+ 40. Rg2 Rxg2+
41. Kxg2 Qg4+ 42. Qg3 Nf4+ 43. Kh2 Qe2+ 44. Kg1 Qxe5 45. Kh2 Qb2+ 46. Kh1 Qxf6
47. Qe3 Qc6+ 48. Qe4 Qxe4+ 49. Nxe4 Nd5 50. Nd6 Nb6 51. Nb7 Nxa4 52. Nxa5 Kg7
53. Kg2 Nc5 54. Kf3 Nd7 55. Nc6 Kf6 56. Kf4 Nf8 57. Nb4 Ne6+ 58. Ke4 Ng7 59.
Nd5+ Ke6 60. Nc7+ Kd6 61. Nb5+ Ke7 62. Nd4 f6 63. Kf4 Kd6 64. Nb5+ Kd5 65. Nc7+
Kd6 66. Nb5+ Ke7 67. Kg3 Nf5+ 68. Kh3 Ke6 69. Nc7+ Kf7 70. Nd5 g5 71. hxg5 fxg5
72. Nc3 Nd6 73. Ne2 Kg6 74. Ng3 g4+ 75. Kg2 h4 76. Ne2 Kg5 77. Nd4 Nf5 78. Ne6+
Kf6 79. Nf4 Ke5 80. Nd3+ Kd4 81. Nf2 Ne3+ 82. Kg1 Ke5 83. Nd3+ Ke4 84. Nc5+ Kf3
85. Ne6 g3 86. Ng5+ Kg4 87. Ne4 h3 88. Kh1 Nd5 89. Kg1 Nf4 90. Nf6+ Kf3 91. Kh1
Ne2 0-1

[Event "World Blitz 2016"]
[Site "Doha QAT"]
[Date "2016.12.29"]
[Round "7.49"]
[White "Kayumov, Sergey"]
[Black "Christiansen, Johan-Sebastian"]
[Result "1-0"]
[WhiteTitle "GM"]
[BlackTitle "IM"]
[WhiteElo "2505"]
[BlackElo "2429"]
[WhiteFideId "14200880"]
[BlackFideId "1512668"]
[EventDate "2016.12.29"]

1. d4 Nf6 2. Bf4 d5 3. e3 c5 4. c3 Nc6 5. Nf3 Qb6 6. Qb3 c4 7. Qc2 Bf5 8. Qc1 e6
9. Nbd2 Be7 10. h3 O-O 11. Be2 h6 12. O-O Rfc8 13. Re1 Qd8 14. Bd1 b5 15. a3 a5
16. Bc2 b4 17. axb4 axb4 18. e4 Rxa1 19. Qxa1 Nxe4 20. Nxe4 dxe4 21. Bxe4 Bxe4
22. Rxe4 Ra8 23. Qe1 Ra2 24. Re2 Qa5 25. Kh2 bxc3 26. bxc3 Rxe2 27. Qxe2 Qxc3
28. Qe4 Nb4 29. Qa8+ Kh7 30. Qe8 Nd5 31. Qxf7 Nxf4 32. Qxf4 Qc2 33. Ne5 Bf6 34.
Ng4 Bg5 35. Qf7 Qf5 36. Qb7 c3 37. Qc6 c2 38. Ne3 Bxe3 39. fxe3 Qd3 40. e4 1-0

[Event "World Blitz 2016"]
[Site "Doha QAT"]
[Date "2016.12.29"]
[Round "7.50"]
[White "Henriquez Villagra, Cristobal"]
[Black "Gashimov, Sarkhan"]
[Result "1/2-1/2"]
[WhiteTitle "IM"]
[WhiteElo "2517"]
[BlackElo "2351"]
[WhiteFideId "3409350"]
[BlackFideId "13400657"]
[EventDate "2016.12.29"]

1. e4 d5 2. exd5 Qxd5 3. Nc3 Qa5 4. Bc4 Nf6 5. h3 Nc6 6. Nf3 Bf5 7. d3 Bg6 8.
O-O O-O-O 9. Bd2 e6 10. a3 Bh5 11. g4 Nxg4 12. hxg4 Bxg4 13. Bb5 Nd4 14. Nxd4
Bxd1 15. Nb3 Qb6 16. Raxd1 c6 17. Bc4 Be7 18. Kg2 h5 19. Bf4 Bd6 20. Be3 Qc7 21.
a4 h4 22. Rh1 Bf4 23. Rh3 g5 24. Ne2 g4 25. Nxf4 gxh3+ 26. Nxh3 Rdg8+ 27. Kf1
Qh2 28. Nf4 Rg1+ 29. Ke2 Rxd1 30. Kxd1 Qg1+ 31. Kd2 h3 32. Nxh3 Rxh3 33. Bxa7
Qg5+ 34. Kc3 Qf6+ 35. Bd4 e5 36. Bc5 Rf3 37. Nd2 Rxf2 38. Ne4 Rxc2+ 39. Kxc2 Qh6
40. Bxf7 Qh2+ 41. Bf2 b6 42. Bc4 Kb7 43. b4 Qf4 44. b5 cxb5 45. axb5 Qf3 46. Bg3
Qe2+ 47. Kc3 Qe3 48. Bxe5 Qc1+ 49. Kd4 Qb2+ 50. Kd5 Qb4 51. Bd6 Qe1 52. Ke6 Qe3
53. Bg3 Qh6+ 54. Kf5 Qh7+ 55. Kf4 Qh6+ 56. Kf3 Qh5+ 57. Ke3 Qh6+ 58. Bf4 Qh3+
59. Ng3 Qg2 60. Ne4 Qg1+ 61. Kf3 Qh1+ 62. Kg4 Qg2+ 63. Bg3 Qe2+ 64. Kf4 Qd1 65.
Nf2 Qd2+ 66. Kf3 Qc3 67. Bd5+ Ka7 68. Bc4 Qf6+ 69. Bf4 Qg6 70. Be3 Qh5+ 71. Kg3
Kb7 72. Ng4 Ka7 73. d4 Qf5 74. Be2 Qe4 75. Kf2 Qf5+ 76. Kg3 Qe4 77. Bf3 Qd3 78.
Bc6 Qf1 79. d5 Qe1+ 80. Kf4 Qd1 81. Kf5 Qd3+ 82. Kf4 Qd1 83. Nf2 Qe2 84. d6 Qc4+
85. Ne4 Qf7+ 86. Ke5 Qg7+ 87. Kd5 Qf7+ 88. Kd4 Qg7+ 89. Kd3 Qg2 90. Nd2 Qg6+ 91.
Ne4 Qg2 92. d7 Qf1+ 93. Kd2 Qg2+ 94. Nf2 Qg8 95. Nd1 Qa2+ 96. Kd3 Qb3+ 97. Nc3
Qg8 98. Nd5 Qg6+ 99. Kc3 Qg7+ 100. Kb3 Qg3 101. Kc2 Qg2+ 102. Kd3 Qg3 103. Ke4
Qg4+ 104. Ke5 Qg3+ 105. Kf6 Qd6+ 106. Kf7 Kb8 107. Bf4 Ka7 108. Kg7 Qg6+ 109.
Kf8 Qf7+ 110. Kxf7 1/2-1/2

[Event "World Blitz 2016"]
[Site "Doha QAT"]
[Date "2016.12.29"]
[Round "7.51"]
[White "Zhang, Zhong"]
[Black "Hirneise, Jens"]
[Result "1-0"]
[WhiteTitle "GM"]
[BlackTitle "FM"]
[WhiteElo "2645"]
[BlackElo "2315"]
[WhiteFideId "8600694"]
[BlackFideId "24614734"]
[EventDate "2016.12.29"]

1. e4 c5 2. Nf3 Nc6 3. Bb5 g6 4. Bxc6 bxc6 5. O-O Bg7 6. Re1 Nf6 7. e5 Nd5 8. c4
Nc7 9. d4 cxd4 10. Qxd4 Ne6 11. Qh4 O-O 12. Nc3 f6 13. exf6 exf6 14. Bd2 f5 15.
Qxd8 Rxd8 16. Rad1 d5 17. cxd5 cxd5 18. b3 d4 19. Na4 h6 20. Ba5 Rd5 21. Bb4 Kf7
22. Nc3 Rd8 23. Nb5 a5 24. Nd6+ Kf6 25. Ba3 Bf8 26. Nc4 Bxa3 27. Nxa3 Bb7 28.
Ne5 Rac8 29. Nac4 Rc5 30. Nd3 Rb5 31. a4 Rbd5 32. Nb6 R5d6 33. Nc4 Rd5 34. Rd2
Ba6 35. Rde2 Nf8 36. Nf4 Bxc4 37. bxc4 Rc5 38. Ne6 Nxe6 39. Rxe6+ Kg5 40. h4+
Kh5 41. Kh2 f4 42. Kh3 g5 43. g4+ fxg3 44. fxg3 g4+ 45. Kg2 Rf8 46. R1e5+ Rf5
47. Rxf5+ Rxf5 48. Rd6 Re5 49. Rxd4 Re2+ 50. Kf1 Ra2 51. Rd5+ Kg6 52. Rxa5 h5
53. Rg5+ Kh6 54. a5 Ra3 55. Kf2 Rf3+ 56. Kg2 Ra3 57. Rb5 Ra2+ 58. Kf1 Ra3 59.
Kf2 Rf3+ 60. Kg2 Ra3 61. c5 Ra2+ 62. Kf1 Kg6 63. c6 Rc2 64. Rb6 Kf5 65. a6 Ke4
66. a7 Ra2 67. c7 Kf3 68. Rb3+ 1-0